Gesammelte werthw (Record no. 85949)

MARC details
000 -LEADER
campo de control de longitud fija 00697nam a2200169 i 4500
001 - NÚMERO DE CONTROL
campo de control 85949
003 - IDENTIFICADOR DE NÚMERO DE CONTROL
campo de control ES-MaACL
005 - FECHA Y HORA DE LA ÚLTIMA TRANSACCIÓN
campo de control 20230906175337.0
007 - CAMPO FIJO DE DESCRIPCIÓN FÍSICA--INFORMACIÓN GENERAL
campo de control de longitud fija t|
008 - DATOS DE LONGITUD FIJA--INFORMACIÓN GENERAL
campo de control de longitud fija 041203m19001999gw ||||1| ger d
100 1# - ENTRADA PRINCIPAL--NOMBRE DE PERSONA
Nombre de persona Keller, Gottfried.
9 (RLIN) 67764
245 10 - MENCIÓN DEL TÍTULO
Título Gesammelte werthw
Resto del título : mene wohlfeile ausgabe /
Mención de responsabilidad, etc. Gottfried Keller.
260 ## - PUBLICACIÓN, DISTRIBUCIÓN, ETC.
Lugar de publicación, distribución, etc. Leipzig :
Nombre del editor, distribuidor, etc. Spamerscher Buchdruckerei,
Fecha de publicación, distribución, etc. [19--?]
300 ## - DESCRIPCIÓN FÍSICA
Extensión 5 v. ;
Dimensiones 20 cm.
505 8# - NOTA DE CONTENIDO CON FORMATO
Nota de contenido con formato Contiene: V.I.: Der grüne heinrch (1ª y 3ª parte). -- V.II.: Der grüne heinrch (4ª parte). -- V.III.: Die lente von sedwyla. -- V.IV.: Martin salander : das sinngedicht. -- V.V.: Sieben legendum : gesammelte gedicht
852 ## - LOCALIZACIÓN
Ubicación ES-MaACL
Número de control de estantería F-15053-57
Sublocalización o colección R.18810
Holdings
Estatus retirado Estado de pérdida Estado de daño No para préstamo Colección Biblioteca de origen Biblioteca actual Ubicación en estantería Fecha de adquisición Fuente de adquisición Total de préstamos Signatura topográfica completa Código de barras Visto por última vez Precio de reemplazo Tipo de ítem Koha
        Libros del s. XIX Biblioteca del Ateneo de Madrid Biblioteca del Ateneo de Madrid Sala Pecera Planta 2 17/01/2008     F-15053-57 1089815 23/02/2023 23/02/2023 Libro impreso antiguo